000 00637nam a2200253Ia 4500
003 OSt
005 20220918191117.0
006 a|||||r|||| 00| 0
007 ta
008 220917b |||||||| |||| 00| 0 eng d
024 _a61,512
037 _cTextual
040 _aARTS
_cARTS
_beng
041 _2eng
_aeng
082 _aQ6:3, L2
100 _aLascaris Andrew
_974960
245 0 _aTheology of God
260 _aClergy
_bBook Service
_c1972
300 _a90p.
_ccm.
490 _aTheology today series; 13
650 _aRELIGION
942 _hQ6:3, L2
_cTEXL
_2CC
999 _c188363
_d188363